000 00431nam a2200181Ia 4500
001 18430
005 20260306171630.0
008 260306s9999||||xx |||||||||||||| ||und||
041 _aESP
082 _a658.404
_bC93 T. 1
100 _aGómez-Senent Martínez, Eliseo
_eAUT
245 0 _aDiseño básico
260 _c2011
300 _a357 páginas :
_c24 cm.
650 _aGEN
654 _aCAN
942 _cLIB
_dJUS
_fJUS
_2ddc
_n
999 _c18430
_d18430